Statistiques concernant Une image, un pays (partie 2)

Cliquez ici pour prendre le quiz!

Statistiques générales

  • Ce quiz a été pris 104 fois
  • Le résultat moyen est 6 sur 8

Statistiques - réponses

Réponse% Correct
Italie
96%
Russie
96%
Bresil
90%
Cuba
81%
Espagne
81%
Afrique du Sud
48%
Argentine
43%
mali
40%

Distribution des résultats

Percentile par nombre de réponses

% des personnes avec chaque résultat

Votre développement - résultats

Vous n’avez pas pris ce quiz